[Event "Weekend Ostia Antica"]
[Site "Ostia - Roma ITA"]
[Date "1996.??.??"]
[Round "6"]
[White "Cesarini, Lanfranco"]
[Black "Verrascina, Nicola"]
[Result "0-1"]
[WhiteElo "1798"]
[BlackElo "2090"]
[PlyCount "122"]
[EventDate "1996.??.??"]

1. e4 Nf6 2. e5 Nd5 3. Nf3 d6 4. d4 g6 5. Bc4 Nb6 6. Bb3 Bg7 7. exd6 cxd6 8. c3
Nc6 9. O-O O-O 10. Re1 e5 11. dxe5 dxe5 12. Qxd8 Rxd8 13. Bg5 Re8 14. Nbd2 Be6
15. Ne4 Bxb3 16. axb3 f5 17. Nf6+ Bxf6 18. Bxf6 e4 19. Nd4 Ne5 20. Bxe5 Rxe5
21. g3 Nd7 22. b4 Rd5 23. Ne6 Rd6 24. Red1 Rxd1+ 25. Rxd1 Ne5 26. h4 Nd3 27.
Rd2 b6 28. Nf4 Nxf4 29. gxf4 Rf8 30. c4 Rf7 31. c5 Rc7 32. Rd5 Kf7 33. h5 Ke7
34. hxg6 hxg6 35. Rd6 bxc5 36. bxc5 Rxc5 37. Rxg6 Ra5 38. b4 Ra1+ 39. Kg2 Ra2
40. Kf1 Ra4 41. Ke2 Rxb4 42. Rg7+ Ke6 43. Rxa7 Rb3 44. Ra6+ Kf7 45. Rh6 Rf3 46.
Rh4 Ke6 47. Ke1 Kd5 48. Ke2 Kd4 49. Rh8 Rxf4 50. Rd8+ Ke5 51. Re8+ Kf6 52. Rf8+
Kg7 53. Rc8 Rf3 54. Rc6 Rd3 55. Rb6 Kf7 56. Ra6 Ke7 57. Rb6 Rd6 58. Rxd6 Kxd6
59. f3 Ke5 60. fxe4 Kxe4 61. Kf2 Kf4 0-1

[Event "Weekend Ostia Antica"]
[Site "Ostia - Roma ITA"]
[Date "1996.??.??"]
[Round "6"]
[White "Di Lascio, Savino"]
[Black "Vanzan, Alessandro"]
[Result "1-0"]
[WhiteElo "1621"]
[BlackElo "1411"]
[PlyCount "89"]
[EventDate "1996.??.??"]

1. Nf3 Nf6 2. c4 g6 3. b4 Bg7 4. Bb2 O-O 5. g3 c6 6. Bg2 d6 7. O-O Nbd7 8. a4
Nb6 9. d3 e5 10. b5 Bd7 11. Nbd2 Rb8 12. Ng5 Qc8 13. a5 Na8 14. Ba3 Ne8 15. Rb1
b6 16. bxc6 Bxc6 17. Nde4 Qc7 18. Qb3 Kh8 19. Qb4 Rd8 20. Nf3 bxa5 21. Qb3 h6
22. Nc3 Nf6 23. Nb5 Bxb5 24. cxb5 Rfe8 25. Nd2 d5 26. Rfc1 Qd7 27. Rc6 Re6 28.
Bh3 Ne8 29. Bxe6 fxe6 30. Rbc1 Nb6 31. e4 a4 32. Qb4 dxe4 33. Qxe4 Qf7 34. Nf3
Rd5 35. Nh4 Rxb5 36. Nxg6+ Kg8 37. Qg4 Nf6 38. Qxe6 Qxe6 39. Rxe6 Kf7 40. Rxe5
Nfd5 41. Rc6 Bxe5 42. Nxe5+ Kg7 43. Rg6+ Kh7 44. Bf8 Ne7 45. Rg7+ 1-0

[Event "Weekend Ostia Antica"]
[Site "Ostia - Roma ITA"]
[Date "1996.??.??"]
[Round "6"]
[White "Gardon, Ermanno"]
[Black "Catena, Marco"]
[Result "1/2-1/2"]
[WhiteElo "1716"]
[BlackElo "1630"]
[PlyCount "85"]
[EventDate "1996.??.??"]

1. e4 e6 2. d4 d5 3. Nc3 Nf6 4. e5 Nfd7 5. f4 c5 6. Nf3 Nc6 7. Be3 Qa5 8. Qd2
cxd4 9. Nxd4 Bb4 10. Nb3 Bxc3 11. bxc3 Qc7 12. Bd3 Na5 13. Nxa5 Qxa5 14. c4
Qxd2+ 15. Kxd2 dxc4 16. Bxc4 b6 17. Bb5 Bb7 18. Rhd1 O-O-O 19. Ke2 Nb8 20. g3
Rxd1 21. Rxd1 Rd8 22. Rd3 Be4 23. Rxd8+ Kxd8 24. c4 Bc6 25. a4 Kc7 26. c5 Bxb5+
27. axb5 bxc5 28. Bxc5 Kb7 29. Kd3 a6 30. bxa6+ Nxa6 31. Bf8 g6 32. Ke4 Kc6 33.
Kf3 Kd7 34. Kg4 Nb8 35. Kg5 h5 36. g4 hxg4 37. Kxg4 Ke8 38. Bc5 Nd7 39. Bd6 Nb6
40. Kg5 Nd5 41. Bc5 Nc3 42. Bb4 Nd5 43. Bc5 1/2-1/2

[Event "Weekend Ostia Antica"]
[Site "Ostia - Roma ITA"]
[Date "1996.??.??"]
[Round "6"]
[White "Maddaloni, Giovanni"]
[Black "Arca', Luciano"]
[Result "1-0"]
[WhiteElo "1583"]
[BlackElo "1510"]
[PlyCount "29"]
[EventDate "1996.??.??"]

1. e4 c6 2. d4 d5 3. exd5 cxd5 4. c4 Nf6 5. Nf3 Bg4 6. Nc3 e6 7. Qb3 b6 8. Ne5
Bf5 9. cxd5 exd5 10. Bb5+ Bd7 11. O-O Bxb5 12. Qxb5+ Nbd7 13. Re1 Qe7 14. Bg5
a6 15. Qc6 1-0

[Event "Weekend Ostia Antica"]
[Site "Ostia - Roma ITA"]
[Date "1996.??.??"]
[Round "6"]
[White "Perez, Giorgio"]
[Black "Moroni, Marco"]
[Result "0-1"]
[WhiteElo "1824"]
[BlackElo "1842"]
[PlyCount "32"]
[EventDate "1996.??.??"]

1. e4 e5 2. f4 d5 3. exd5 e4 4. d3 Nf6 5. dxe4 Nxe4 6. Nf3 Bc5 7. Qe2 Bf2+ 8.
Kd1 Qxd5+ 9. Nfd2 Bg4 10. Qxg4 Nc6 11. Bd3 f5 12. Qe2 O-O-O 13. Bxe4 fxe4 14.
Qxf2 e3 15. Qxe3 Qxg2 16. Qf3 Qxf3+ 0-1

[Event "Weekend Ostia Antica"]
[Site "Ostia - Roma ITA"]
[Date "1996.??.??"]
[Round "6"]
[White "Pezzaldi, Roberto"]
[Black "Petruccioli, Antonio"]
[Result "1-0"]
[WhiteElo "2013"]
[BlackElo "2007"]
[PlyCount "99"]
[EventDate "1996.??.??"]

1. c4 e5 2. Nc3 Nf6 3. g3 Bb4 4. Bg2 c6 5. a3 Bxc3 6. dxc3 d6 7. Nf3 O-O 8. O-O
Na6 9. Qc2 Be6 10. b3 h6 11. Rd1 Qc7 12. e4 Rac8 13. a4 d5 14. exd5 cxd5 15.
Ba3 dxc4 16. b4 Bg4 17. Re1 Rfe8 18. Nd2 Be6 19. Ne4 Nd5 20. b5 Nb8 21. Nd6 Nd7
22. Rad1 N7f6 23. Nxc8 Rxc8 24. Rd2 g6 25. Rde2 Bf5 26. Qd2 e4 27. Bxe4 Bxe4
28. Rxe4 Nxe4 29. Rxe4 Nf6 30. Re7 Qb6 31. Qxh6 a6 32. Qf4 axb5 33. Bd6 Kg7 34.
axb5 Qxb5 35. Be5 Qc6 36. Bxf6+ Qxf6 37. Qxf6+ Kxf6 38. Rxb7 Rc5 39. Rd7 g5 40.
Rd4 Kg6 41. h4 gxh4 42. Rxh4 f5 43. Rd4 Kg5 44. Kg2 Kf6 45. Kf3 Ke5 46. Ke3 Rc7
47. f4+ Kf6 48. Rd6+ Ke7 49. Rh6 Rc8 50. Kd4 {...} 1-0

[Event "Weekend Ostia Antica"]
[Site "Ostia - Roma ITA"]
[Date "1996.??.??"]
[Round "6"]
[White "Pompa, Alessandro"]
[Black "Scacco, Mauro"]
[Result "1-0"]
[WhiteElo "2091"]
[BlackElo "2055"]
[PlyCount "93"]
[EventDate "1996.??.??"]

1. d4 c5 2. d5 g6 3. e4 Bg7 4. Nc3 d6 5. Be2 Nf6 6. h3 O-O 7. Nf3 b5 8. Bxb5
Nxe4 9. Nxe4 Qa5+ 10. Nc3 Bxc3+ 11. bxc3 Qxb5 12. Bh6 Re8 13. Qd3 Qa4 14. c4
Nd7 15. O-O Ba6 16. Qc3 Nf6 17. Nd2 Qb4 18. Qxb4 cxb4 19. Rfb1 Nd7 20. Rxb4 Nb6
21. Be3 Rac8 22. Bxb6 axb6 23. Rab1 Rc5 24. Ra4 Ra5 25. Rxa5 bxa5 26. Rb6 Ra8
27. f3 Kg7 28. Kf2 Kf6 29. Ke3 g5 30. Ne4+ Ke5 31. Rc6 h6 32. g3 Kf5 33. f4 g4
34. h4 a4 35. a3 Ra7 36. c5 Bc4 37. Kd4 dxc5+ 38. Nxc5 Ba2 39. Rxh6 Rc7 40. Ra6
e6 41. d6 Rc8 42. d7 Rd8 43. c4 f6 44. Rd6 e5+ 45. fxe5 fxe5+ 46. Kd5 e4 47.
Nb7 1-0

[Event "Weekend Ostia Antica"]
[Site "Ostia - Roma ITA"]
[Date "1996.??.??"]
[Round "6"]
[White "Ridolfi, Raffaele"]
[Black "Vannelli, Vittorio"]
[Result "1/2-1/2"]
[WhiteElo "1672"]
[BlackElo "1633"]
[PlyCount "83"]
[EventDate "1996.??.??"]

1. d4 Nf6 2. c4 d6 3. Nc3 Nbd7 4. e4 e5 5. d5 Be7 6. Bd3 c6 7. Nge2 Nc5 8. O-O
a5 9. a4 O-O 10. f3 Nh5 11. g4 Qb6 12. Be3 Nf4 13. Bb1 Qxb2 14. Ra2 Nxe2+ 15.
Nxe2 Qb4 16. Qc2 Qb3 17. Bxc5 Qxc2 18. Rxc2 dxc5 19. dxc6 bxc6 20. Rd1 Be6 21.
Rcd2 Bxc4 22. Ng3 Bb3 23. Bc2 c4 24. Bxb3 cxb3 25. Rb2 Rab8 26. Rdb1 Rb4 27.
Rxb3 Rxa4 28. Rb7 Bc5+ 29. Kg2 Bd4 30. Nf5 g6 31. Ne7+ Kg7 32. Nxc6 Ra2+ 33.
Kg3 Bf2+ 34. Kh3 Be3 35. R1b2 Rxb2 36. Rxb2 Bd4 37. Ra2 Rc8 38. Nxd4 exd4 39.
Rxa5 Rd8 40. Ra2 d3 41. Rd2 Kf6 42. f4 1/2-1/2

[Event "Weekend Ostia Antica"]
[Site "Ostia - Roma ITA"]
[Date "1996.??.??"]
[Round "6"]
[White "Spano' Cuomo, Gaetano"]
[Black "Fico, Tommaso"]
[Result "0-1"]
[WhiteElo "1704"]
[BlackElo "1570"]
[PlyCount "118"]
[EventDate "1996.??.??"]

1. d4 Nf6 2. c4 c5 3. dxc5 e5 4. Nc3 Qa5 5. Bd2 Qxc5 6. e3 Nc6 7. a3 d5 8. cxd5
Nxd5 9. Nxd5 Qxd5 10. Ne2 Bf5 11. Nc3 Qe6 12. e4 Bg6 13. Bb5 Rc8 14. Qe2 Bc5
15. O-O O-O 16. Bxc6 Rxc6 17. Be3 Bd4 18. Nd5 Bxe4 19. Nb4 Rd6 20. Bxd4 exd4
21. Rfe1 Bf5 22. Qd2 Qd7 23. Rac1 Re6 24. f3 Rfe8 25. Nd3 Rxe1+ 26. Nxe1 d3 27.
Rd1 Re2 28. Qxe2 dxe2 29. Rxd7 Bxd7 30. Kf2 Bb5 31. Nc2 Kf8 32. Nd4 Bc4 33.
Nxe2 Ke7 34. Nd4 g6 35. Ke3 a6 36. f4 Kd6 37. b4 f6 38. g4 h6 39. h4 Ba2 40. g5
hxg5 41. hxg5 fxg5 42. fxg5 b5 43. Nf3 Kd5 44. Kd3 Bb1+ 45. Kc3 Bf5 46. Nd4 Bd7
47. Nb3 Ke5 48. Nc5 Bc8 49. Kd3 Kf4 50. Kd4 Kxg5 51. Ke5 Kh4 52. Kd6 g5 53. Ne4
g4 54. Kc7 Bf5 55. Nd2 g3 56. Nf3+ Kg4 57. Ng1 g2 58. Kb6 Kg3 59. Kxa6 Kf2 0-1

[Event "IV Festival"]
[Site "Belpasso ITA"]
[Date "1996.??.??"]
[Round "?"]
[White "Napoli Costa, Aurelio"]
[Black "Valguarnera, Girolamo"]
[Result "1-0"]
[WhiteElo "1950"]
[BlackElo "2035"]
[PlyCount "89"]
[EventDate "1996.??.??"]

1. f4 c5 2. e4 Nc6 3. Nf3 d6 4. c3 Nf6 5. Bd3 d5 6. e5 c4 7. Bc2 Ne4 8. d3 cxd3
9. Bxd3 Qb6 10. Bxe4 dxe4 11. Ng5 Bf5 12. Qe2 f6 13. Nxe4 fxe5 14. Ng3 Bg6 15.
f5 Bf7 16. Be3 Qc7 17. O-O e6 18. f6 O-O-O 19. Ne4 gxf6 20. Rxf6 Bg7 21. Rf1
Bg6 22. Nbd2 Kb8 23. Nc5 Rde8 24. Qb5 Ka8 25. Nc4 Bf8 26. Rad1 Nd8 27. Nxe5 Bd6
28. Bd4 Bh5 29. Rd2 Rhg8 30. Ncd7 b6 31. Bxb6 Qb7 32. Qa4 Bxe5 33. Bxa7 Qxa7+
34. Qxa7+ Kxa7 35. Nxe5 Rg5 36. Re1 Kb6 37. Rd6+ Kc5 38. Rd7 Reg8 39. b4+ Kb5
40. c4+ Ka4 41. g3 R5g7 42. Rd6 Rb7 43. Nd3 Ra7 44. Rb1 Nb7 45. Rb3 1-0

[Event "IV Festival"]
[Site "Belpasso ITA"]
[Date "1996.??.??"]
[Round "1"]
[White "Napoli Costa, Aurelio"]
[Black "Alaimo, Riccardo"]
[Result "0-1"]
[WhiteElo "1950"]
[BlackElo "2110"]
[PlyCount "80"]
[EventDate "1996.??.??"]

1. e4 c5 2. Nf3 d6 3. d4 cxd4 4. Nxd4 Nf6 5. Nc3 a6 6. Bg5 e6 7. f4 Qb6 8. Qd2
Qxb2 9. Rb1 Qa3 10. f5 Nc6 11. fxe6 fxe6 12. Nxc6 bxc6 13. e5 dxe5 14. Bxf6
gxf6 15. Be2 Qd6 16. Bh5+ Ke7 17. Qe2 Qd4 18. Ne4 Bh6 19. Rb3 Qa1+ 20. Kf2 Qd4+
21. Ke1 f5 22. Rf1 a5 23. c3 Qxe4 24. Qxe4 fxe4 25. Rf7+ Kd6 26. Bg4 Ba6 27.
Rf6 Bg5 28. Rxe6+ Kd5 29. c4+ Bxc4 30. Rb7 Rad8 31. Rg7 h6 32. Rgg6 Rhf8 33.
Be2 Bxe2 34. Kxe2 c5 35. Ra6 e3 36. h4 Rf2+ 37. Ke1 Bxh4 38. Rxh6 Rf6+ 39. Ke2
Rxa6 40. Rxa6 Ke4 0-1

[Event "IV Festival"]
[Site "Belpasso ITA"]
[Date "1996.??.??"]
[Round "2"]
[White "Alaimo, Riccardo"]
[Black "Fagotto, Roberto"]
[Result "1-0"]
[WhiteElo "2110"]
[BlackElo "1726"]
[PlyCount "45"]
[EventDate "1996.??.??"]

1. e4 e5 2. Nf3 Nf6 3. Nxe5 d6 4. Nf3 Nxe4 5. d4 d5 6. Bd3 Be7 7. O-O Nc6 8. c4
Nf6 9. cxd5 Nxd5 10. Nc3 Be6 11. Re1 O-O 12. a3 Nxc3 13. bxc3 Bf6 14. Rb1 b6
15. Bf4 Ne7 16. Ng5 Bxg5 17. Bxg5 f6 18. Rxe6 fxg5 19. Qh5 Nf5 20. Rbe1 g6 21.
Rxg6+ hxg6 22. Qxg6+ Ng7 23. Bc4+ 1-0

[Event "IV Festival"]
[Site "Belpasso ITA"]
[Date "1996.??.??"]
[Round "3"]
[White "Tondo, Salvatore"]
[Black "Alaimo, Riccardo"]
[Result "1/2-1/2"]
[WhiteElo "2075"]
[BlackElo "2110"]
[PlyCount "107"]
[EventDate "1996.??.??"]

1. d4 Nf6 2. Nf3 g6 3. Bf4 Bg7 4. e3 d5 5. Nbd2 O-O 6. h3 c5 7. c3 b6 8. Bd3
Bb7 9. Qc2 Nc6 10. Rd1 Rc8 11. Qb1 Nd7 12. O-O e5 13. dxe5 Ndxe5 14. Be2 h6 15.
Nxe5 Nxe5 16. Nf3 Nc6 17. Rd2 Qe7 18. Rfd1 Rfd8 19. Bf1 Rd7 20. Bg3 Rcd8 21.
Bh4 Bf6 22. Bxf6 Qxf6 23. Bd3 Ne5 24. Nxe5 Qxe5 25. Be2 d4 26. exd4 Qg5 27. Bf1
Bf3 28. Qd3 Bxd1 29. Rxd1 cxd4 30. c4 Re7 31. Be2 Rde8 32. Bf3 Re1+ 33. Rxe1
Rxe1+ 34. Kh2 Qe5+ 35. g3 Ra1 36. Bd5 Kg7 37. Kg2 Rxa2 38. Qf3 Qf6 39. Qb3 Ra1
40. Qd3 Re1 41. Qd2 Qe5 42. Bf3 a5 43. Qd3 f6 44. Qb3 Qd6 45. Bd5 Qb4 46. Qf3
Qxb2 47. Ba8 Re7 48. Bd5 Qc3 49. Qf4 d3 50. Qb8 h5 51. Qg8+ Kh6 52. Qf8+ Rg7
53. Qh8+ Rh7 54. Qf8+ 1/2-1/2

[Event "IV Festival"]
[Site "Belpasso ITA"]
[Date "1996.??.??"]
[Round "4"]
[White "Alaimo, Riccardo"]
[Black "Bonaccorsi, Fabrizio"]
[Result "1-0"]
[WhiteElo "2110"]
[BlackElo "2135"]
[PlyCount "37"]
[EventDate "1996.??.??"]

1. e4 c5 2. Nc3 d6 3. f4 Nc6 4. Nf3 g6 5. Bc4 Bg7 6. O-O e6 7. d3 Nge7 8. f5
exf5 9. Qe1 h6 10. Qg3 Nd4 11. Nxd4 Bxd4+ 12. Be3 Bg7 13. Nb5 Be5 14. Bf4 Nc6
15. Rae1 a6 16. Nxd6+ Bxd6 17. Bxd6 Qg5 18. exf5+ Kd8 19. Bc7+ 1-0

[Event "IV Festival"]
[Site "Belpasso ITA"]
[Date "1996.??.??"]
[Round "5"]
[White "Gangemi, Salvatore"]
[Black "Alaimo, Riccardo"]
[Result "0-1"]
[WhiteElo "1867"]
[BlackElo "2110"]
[PlyCount "84"]
[EventDate "1996.??.??"]

1. c4 e5 2. Nc3 Nc6 3. Nf3 f5 4. d3 Nf6 5. e3 Bb4 6. Qb3 Bxc3+ 7. Qxc3 d6 8. b4
O-O 9. Bb2 Qe8 10. Be2 Bd7 11. h4 e4 12. Ng5 exd3 13. Bxd3 Ne5 14. Be2 Bc6 15.
Nf3 Ne4 16. Qd4 Qg6 17. Nxe5 dxe5 18. Qxe5 Rae8 19. Qxc7 Rf7 20. Qh2 Rd8 21.
Rd1 Rfd7 22. Rxd7 Rxd7 23. Bd4 f4 24. h5 Qf5 25. O-O Nd2 26. Rd1 f3 27. gxf3
Nxf3+ 28. Bxf3 Bxf3 29. Re1 Bxh5 30. Qb8+ Kf7 31. Qg3 Bg6 32. Bxa7 b5 33. Bd4
bxc4 34. Rc1 Qe6 35. Qf4+ Ke8 36. Bc5 Bf5 37. Qb8+ Kf7 38. Qf4 Qg6+ 39. Kf1 Ke6
40. Qxc4+ Rd5 41. Rd1 Bh3+ 42. Ke1 Qg1+ 0-1

[Event "IV Festival"]
[Site "Belpasso ITA"]
[Date "1996.??.??"]
[Round "6"]
[White "De Marco, Ivan"]
[Black "Alaimo, Riccardo"]
[Result "0-1"]
[WhiteElo "1793"]
[BlackElo "2110"]
[PlyCount "96"]
[EventDate "1996.??.??"]

1. e4 c5 2. Nf3 d6 3. d4 cxd4 4. Nxd4 Nf6 5. Nc3 a6 6. Be2 e5 7. Nb3 Be7 8. Be3
O-O 9. O-O Be6 10. f3 b5 11. a3 Nbd7 12. Qe1 Rc8 13. Nd2 Nb6 14. Qf2 Nc4 15.
Nxc4 Bxc4 16. Rfd1 Bxe2 17. Qxe2 Qc7 18. Rd2 Rfd8 19. Rad1 Qb7 20. Qd3 b4 21.
axb4 Qxb4 22. Rb1 Rc7 23. Ne2 d5 24. Qxa6 Bc5 25. Qd3 Rcd7 26. c3 Qb6 27. Bxc5
Qxc5+ 28. Nd4 dxe4 29. fxe4 exd4 30. c4 Qe5 31. Re2 Ng4 32. g3 Ne3 33. b4 h6
34. b5 Qc5 35. b6 Nxc4 36. Rc2 Ne5 37. Rxc5 Nxd3 38. Rc7 Ne5 39. Rxd7 Nxd7 40.
b7 Rb8 41. Kf1 Nc5 42. Rb4 Rxb7 43. Rxd4 Re7 44. Kg2 Rxe4 45. Rd2 Ne6 46. Kf3
Rd4 47. Rc2 Rd1 48. h4 Nd4+ 0-1

[Event "IV Festival"]
[Site "Belpasso ITA"]
[Date "1996.??.??"]
[Round "8"]
[White "Licciardello, Salvatore"]
[Black "Alaimo, Riccardo"]
[Result "0-1"]
[WhiteElo "1854"]
[BlackElo "2110"]
[PlyCount "102"]
[EventDate "1996.??.??"]

1. e4 c5 2. Nf3 d6 3. Bb5+ Nd7 4. d4 Ngf6 5. Nc3 cxd4 6. Qxd4 e5 7. Qd3 h6 8.
Nd2 Be7 9. Nc4 Qc7 10. Ne3 a6 11. Ned5 Nxd5 12. Bxd7+ Bxd7 13. Nxd5 Qd8 14. Be3
Rb8 15. Bb6 Qc8 16. Ba7 Bb5 17. Qc3 Qxc3+ 18. Nxc3 Rc8 19. Nxb5 axb5 20. c3 Rc4
21. f3 b4 22. O-O Kd7 23. a3 bxc3 24. bxc3 Ra8 25. Bf2 Rxc3 26. Rfb1 Rcxa3 27.
Rxb7+ Ke6 28. Rxa3 Rxa3 29. h3 Ra1+ 30. Kh2 Bg5 31. Rb3 h5 32. h4 Be7 33. Rb8
Ra2 34. Bg3 f5 35. Rb4 Re2 36. Kg1 fxe4 37. fxe4 Kf6 38. Ra4 Rd2 39. Ra1 Rd4
40. Re1 Ke6 41. Bf2 Ra4 42. g3 Bd8 43. Re2 Kf6 44. Be3 Ke6 45. Bf2 Ba5 46. Kg2
d5 47. exd5+ Kxd5 48. Rc2 Rc4 49. Ra2 Bb4 50. Be3 Ke4 51. Bg5 Kf5 0-1

[Event "Torneo"]
[Site "Bergamo ITA"]
[Date "1996.??.??"]
[Round "?"]
[White "Raimondi, Celso"]
[Black "Bisignano, Giuseppe"]
[Result "1-0"]
[WhiteElo "1468"]
[BlackElo "1710"]
[PlyCount "45"]
[EventDate "1996.??.??"]

1. d4 Nf6 2. c4 e6 3. Nc3 d5 4. Bg5 Be7 5. e3 Nbd7 6. Nf3 O-O 7. Bd3 Re8 8. O-O
dxc4 9. Bxc4 a6 10. Qc2 b5 11. Bd3 c5 12. Bxf6 Nxf6 13. Ne4 c4 14. Nxf6+ Bxf6
15. Bxh7+ Kh8 16. Be4 Ra7 17. Qe2 Rc7 18. Rac1 a5 19. Ne5 Bb7 20. Qh5+ Kg8 21.
Qh7+ Kf8 22. Bxb7 Rxb7 23. Nc6 1-0

[Event "V Weekend A"]
[Site "Ceriano Laghetto ITA"]
[Date "1996.??.??"]
[Round "1"]
[White "Barlocco, Carlo"]
[Black "Bonetti, Marco"]
[Result "0-1"]
[WhiteElo "2170"]
[BlackElo "1881"]
[PlyCount "100"]
[EventDate "1996.??.??"]

1. e4 Nf6 2. e5 Nd5 3. c4 Nb6 4. b3 d6 5. exd6 Qxd6 6. d4 c5 7. Nf3 Bg4 8. Be3
Nc6 9. dxc5 Qxd1+ 10. Kxd1 Nd7 11. Nc3 e5 12. Nd5 O-O-O 13. Be2 Bxc5 14. Ng5
Be6 15. Kc2 Bxe3 16. fxe3 h6 17. Nxe6 fxe6 18. Nc3 Nb4+ 19. Kb2 Nc5 20. a3 Rd2+
21. Kb1 Nc6 22. b4 Na4 23. Kc1 Rhd8 24. Rd1 Rxd1+ 25. Nxd1 Nb6 26. Kc2 Ne7 27.
Kc3 Nf5 28. Bf3 Kc7 29. g4 Ne7 30. Nf2 Nd7 31. Rd1 Rf8 32. Bxb7 Rxf2 33. h4 Nf6
34. g5 hxg5 35. hxg5 Ng4 36. Ba6 Nxe3 37. Rh1 N7f5 38. Rh8 Rc2+ 39. Kd3 Ra2 40.
b5 Rxa3+ 41. Ke2 Nd4+ 42. Kf2 Ng4+ 43. Kg2 Rc3 44. Ra8 Ne3+ 45. Kf2 Nxc4 46.
Rxa7+ Kd6 47. b6 Nxb6 48. Rxg7 Rc2+ 49. Ke1 Nd5 50. Bd3 Nf3+ 0-1

[Event "V Weekend A"]
[Site "Ceriano Laghetto ITA"]
[Date "1996.??.??"]
[Round "1"]
[White "Cappello, Guido"]
[Black "Rossi, Giampiero"]
[Result "1-0"]
[WhiteElo "2195"]
[BlackElo "2130"]
[PlyCount "45"]
[EventDate "1996.??.??"]

1. e4 c5 2. Nf3 e6 3. d4 cxd4 4. Nxd4 a6 5. Bd3 Nc6 6. Nxc6 dxc6 7. O-O e5 8.
f4 Nf6 9. f5 b5 10. a4 Bb7 11. Qe2 Bc5+ 12. Kh1 O-O 13. Bg5 Qe7 14. Nd2 Rad8
15. Rf3 Rd7 16. Nf1 Qd8 17. Rh3 Be7 18. Ng3 Nxe4 19. Nxe4 Bxg5 20. f6 Bf4 21.
fxg7 Kxg7 22. Qg4+ Kh8 23. Nf6 1-0

[Event "V Weekend A"]
[Site "Ceriano Laghetto ITA"]
[Date "1996.??.??"]
[Round "1"]
[White "Marinescu, Marian"]
[Black "Vismara, Daniele"]
[Result "1-0"]
[WhiteElo "2140"]
[BlackElo "2235"]
[PlyCount "97"]
[EventDate "1996.??.??"]

1. e4 c5 2. c4 Nc6 3. Nf3 g6 4. d4 cxd4 5. Nxd4 Nf6 6. Nc3 Nxd4 7. Qxd4 d6 8.
Be2 Bg7 9. O-O O-O 10. Qd3 Be6 11. Be3 Nd7 12. b3 Nc5 13. Qc2 Bxc3 14. Qxc3
Nxe4 15. Qd4 Nf6 16. Bh6 Re8 17. Bf3 Qc7 18. Rad1 Red8 19. Bg5 Kg7 20. Qf4 Ng8
21. Rfe1 Qc5 22. Qd2 h6 23. Be3 Qc7 24. Bxa7 Bd7 25. Qd4+ e5 26. Qb6 Rdc8 27.
Qxc7 Rxc7 28. Bb6 Rc6 29. Bxc6 Bxc6 30. a4 Ne7 31. Bc7 Nf5 32. Bxd6 f6 33. Bc5
Kf7 34. f3 Ke6 35. Rd2 Rc8 36. Bf2 Ne7 37. Red1 f5 38. Rd6+ Kf7 39. Bg3 f4 40.
Be1 Nf5 41. Rd8 Rxd8 42. Rxd8 Nd4 43. b4 Bxa4 44. Kf2 Nf5 45. Rb8 b5 46. c5 Ke7
47. Bc3 g5 48. Bxe5 Kd7 49. Rb6 1-0

[Event "V Weekend A"]
[Site "Ceriano Laghetto ITA"]
[Date "1996.??.??"]
[Round "1"]
[White "Nurkic, Sahbaz"]
[Black "Cazzaniga, Walter"]
[Result "1-0"]
[WhiteElo "2365"]
[BlackElo "2190"]
[PlyCount "42"]
[EventDate "1996.??.??"]

1. e4 e6 2. d4 d5 3. Nd2 dxe4 4. Nxe4 Bd7 5. Nf3 Bc6 6. Bd3 Nd7 7. O-O Ngf6 8.
Neg5 Be7 9. Nxf7 Kxf7 10. Ng5+ Kg8 11. Nxe6 Qc8 12. Re1 Nf8 13. Nxg7 Qd7 14.
Nf5 Ng6 15. c4 b5 16. Nh6+ Kg7 17. Bf5 Qd8 18. Be6 Rf8 19. Nf5+ Kh8 20. Bh6 Ne8
21. d5 Bg5 1-0

[Event "V Weekend A"]
[Site "Ceriano Laghetto ITA"]
[Date "1996.??.??"]
[Round "2"]
[White "Cazzaniga, Walter"]
[Black "Barlocco, Carlo"]
[Result "1-0"]
[WhiteElo "2190"]
[BlackElo "2170"]
[PlyCount "149"]
[EventDate "1996.??.??"]

1. d4 d5 2. c4 c6 3. Nf3 Nf6 4. Nc3 a6 5. c5 g6 6. Bf4 Bg7 7. e3 O-O 8. h3 Bf5
9. Be2 Nbd7 10. O-O h6 11. Bd3 Re8 12. Bxf5 gxf5 13. Qd3 Ne4 14. b4 a5 15. a3
b6 16. cxb6 Qxb6 17. Na4 Qb5 18. Qxb5 cxb5 19. Nc5 Nb8 20. Rfc1 axb4 21. Bxb8
Nxc5 22. axb4 Na6 23. Bg3 Nxb4 24. Rab1 Ra4 25. Rc7 Na2 26. Rxb5 Nb4 27. Rcb7
Nd3 28. Rxd5 f4 29. exf4 Ra1+ 30. Kh2 Rc8 31. Rxe7 Rcc1 32. Bh4 Nxf4 33. Rf5
Ng6 34. Re8+ Bf8 35. Bf6 Kh7 36. Be5 Rh1+ 37. Kg3 Ra7 38. Nh4 Nxh4 39. Kxh4 Bg7
40. Bxg7 Kxg7 41. Re3 Rd1 42. Rg3+ Kh7 43. Rg4 Rd7 44. Kh5 Ra1 45. Rgf4 Kg7 46.
Rg4+ Kh7 47. f3 Ra6 48. d5 Rad6 49. Rd4 Rg6 50. g4 Ra6 51. d6 Kg7 52. Rfd5 Ra3
53. Rd3 Ra4 54. Kh4 Kg6 55. R3d4 Ra6 56. f4 Ra8 57. g5 f5 58. gxf6 Rf8 59. f5+
Kxf6 60. Rg4 Kf7 61. Rg6 Re8 62. Rxh6 Kg7 63. Rg6+ Kf7 64. Rd4 Rh8+ 65. Kg4 Ke8
66. Rc4 Rhh7 67. h4 Ra7 68. Rg5 Kd8 69. h5 Rh8 70. h6 Ra1 71. Rc7 Rf8 72. h7
Rg1+ 73. Kh5 Rh1+ 74. Kg6 Re8 75. Ra7 1-0

[Event "V Weekend A"]
[Site "Ceriano Laghetto ITA"]
[Date "1996.??.??"]
[Round "2"]
[White "Marinescu, Marian"]
[Black "Cappello, Guido"]
[Result "1-0"]
[WhiteElo "2140"]
[BlackElo "2195"]
[PlyCount "99"]
[EventDate "1996.??.??"]

1. e4 e5 2. Nf3 Nc6 3. d3 f5 4. Nc3 d6 5. Be2 Nf6 6. Bg5 Be7 7. Bxf6 Bxf6 8.
Nd5 O-O 9. Qd2 Ne7 10. Nxf6+ Rxf6 11. O-O-O c5 12. Qc3 Qe8 13. Ng5 b5 14. exf5
Nxf5 15. Ne4 Rh6 16. Qa5 Nd4 17. Rde1 Bb7 18. Bg4 Qf8 19. f3 b4 20. c3 bxc3 21.
bxc3 Qf4+ 22. Nd2 Nc6 23. Qc7 Rb8 24. Re4 Qf7 25. Qxf7+ Kxf7 26. Ra4 Ke7 27. f4
Rf6 28. Re1 Kd8 29. g3 exf4 30. Ne4 Rh6 31. Ng5 Ne5 32. Rxe5 dxe5 33. Nf7+ Kc7
34. Nxh6 gxh6 35. gxf4 Re8 36. fxe5 Rxe5 37. Rxa7 Kb6 38. Ra4 Re1+ 39. Kd2 Rh1
40. h3 Bd5 41. Bf5 Bxa2 42. Rh4 Rh2+ 43. Ke3 Rc2 44. Rxh6+ Kc7 45. Rxh7+ Kd6
46. c4 Rc1 47. Rd7+ Ke5 48. Rd5+ Kf6 49. Rxc5 Bb1 50. Be4 1-0

[Event "V Weekend A"]
[Site "Ceriano Laghetto ITA"]
[Date "1996.??.??"]
[Round "2"]
[White "Rossi, Giampiero"]
[Black "Nurkic, Sahbaz"]
[Result "0-1"]
[WhiteElo "2130"]
[BlackElo "2365"]
[PlyCount "112"]
[EventDate "1996.??.??"]

1. d4 c5 2. dxc5 e6 3. c4 Bxc5 4. Nf3 Nf6 5. Nc3 O-O 6. a3 d5 7. b4 Be7 8. cxd5
exd5 9. e3 a5 10. b5 a4 11. Be2 Be6 12. O-O Nbd7 13. Bb2 Nc5 14. Nd4 Qb6 15.
Bf3 Rfd8 16. Rc1 Qa7 17. Nce2 Nfe4 18. Nxe6 Nxe6 19. Nd4 Nxd4 20. Bxd4 Qa5 21.
Bxe4 dxe4 22. Qg4 Bf8 23. b6 Qd5 24. Rc7 h5 25. Qg3 Re8 26. Rc5 Qd6 27. Qxd6
Bxd6 28. Rc3 Rec8 29. Rfc1 Rxc3 30. Rxc3 Ra5 31. g3 Kh7 32. Kf1 Kg6 33. Ke2 f6
34. Rc8 Kf7 35. Rd8 Ke6 36. Rg8 g5 37. Rg7 Be7 38. h3 Rb5 39. Rg8 Bxa3 40. Rb8
Bb2 41. Rxb7 Bxd4 42. exd4 Rb2+ 43. Ke3 f5 44. Ra7 Rxb6 45. Rxa4 Rb3+ 46. Ke2
h4 47. Ra6+ Kf7 48. Ra7+ Ke6 49. Ra6+ Kd5 50. Ra5+ Kxd4 51. Rxf5 hxg3 52. Rxg5
Rb2+ 53. Ke1 gxf2+ 54. Kf1 e3 55. Rf5 Rb1+ 56. Kg2 Rg1+ 0-1

[Event "V Weekend A"]
[Site "Ceriano Laghetto ITA"]
[Date "1996.??.??"]
[Round "2"]
[White "Vismara, Daniele"]
[Black "Bonetti, Marco"]
[Result "1-0"]
[WhiteElo "2235"]
[BlackElo "1881"]
[PlyCount "65"]
[EventDate "1996.??.??"]

1. e4 Nf6 2. e5 Nd5 3. g3 d6 4. exd6 Qxd6 5. Bg2 Nc6 6. d4 Bf5 7. Nf3 Ndb4 8.
Na3 O-O-O 9. O-O Bg4 10. c3 Nd5 11. Qd3 Nb6 12. Bf4 e5 13. Nxe5 Nxe5 14. Qe4
Qd5 15. Bxe5 Qxe4 16. Bxe4 Bxa3 17. bxa3 f6 18. Bf4 g5 19. Be3 h5 20. Bd3 Bf3
21. Rfe1 g4 22. Bd2 h4 23. gxh4 Rxh4 24. Bf4 Rh5 25. Bg3 Ra5 26. Re7 Nd7 27.
Rae1 c5 28. Bf5 cxd4 29. Rxd7 Rxf5 30. Rc7+ Kb8 31. Rc5+ Re5 32. cxd4 b6 33.
Rcc1 1-0